Weather Warnings Quiz Stats

 Plays Quiz Updated Apr 25, 2019

Support Sporcle.
Go Orange.
Score 0/44 Timer 08:00
5 Plays Today
Warning % Correct
Tornado
93%
Hurricane
90%
Flood
78.3%
High Wind
72.2%
Severe Thunderstorm
65.5%
Excessive Heat
58.6%
Earthquake
52.7%
Blizzard
52.3%
Tsunami
49.9%
Sleet
43.5%
Flash Flood
42.1%
Tropical Storm
40.7%
Extreme Cold
40.3%
Fire
38.1%
Freeze
36.3%
Storm
30.4%
Volcano
27.8%
Avalanche
27.4%
Winter Storm
22.2%
Typhoon
21.9%
Ice Storm
21.1%
Heavy Freezing Spray
19.8%
Warning % Correct
Gale
18%
Dust Storm
17.7%
Wind Chill
10.8%
High Surf
9.8%
Special Marine
7.2%
Law Enforcement
7%
Red Flag
6.6%
Extreme Wind
6.3%
Snow Squall
6%
Nuclear Power Plant
5.9%
Coastal Flood
5.3%
Lake Effect Snow
4.8%
Civil Danger
4.7%
Hard Freeze
3.6%
Radiological Hazard
3.6%
Hurricane Force Wind
3%
Hurricane Wind
2.9%
Hazardous Seas
2.9%
Lakeshore Flood
1.9%
Shelter in Place
1.9%
Tropical Storm Wind
1.9%
Hazardous Materials
1.9%

From the Vault

SPORCLE in the Bible

by slipkid

Sporcle's in the second book, right?
Remove Ads.
Support Sporcle.
Get the best of Sporcle when you Go Orange. This ad-free experience offers more features, more stats, and more fun while also helping to support Sporcle. Thank you for becoming a member.

Show Comments

Extras

Top Quizzes Today


Score Distribution

Your Account Isn't Verified!

In order to create a playlist on Sporcle, you need to verify the email address you used during registration. Go to your Sporcle Settings to finish the process.

Report this User

Report this user for behavior that violates our Community Guidelines.

Details: